Legia Warsaw players since 2000 - Statistics

General Stats
  • This quiz has been taken 24 times
  • The average score is 68 of 293
Answer Stats
Ranking Player Positions Nationality Matches Goals Assists Periods % Correct
1 Artur Jedrzejczyk CB 311 8 12 2006-2007, 2009-2012, 2015-2025
83%
43 Michal Pazdan CB 92 0 0 2015-2019
78%
25 Arkadiusz Malarz GK 112 0 0 2014-2019
72%
47 Kacper Tobiasz GK 86 0 1 2021-2025
72%
89 Aleksandar Prijovic ST 54 17 11 2015-2017
67%
29 Artur Boruc GK 109 1 0 2001-2004, 2020-2022
67%
3 Jakub Rzezniczak CB 275 12 11 2004-2005, 2007-2017
67%
2 Miroslav Radovic RW 296 73 61 2006-2014, 2016-2019
67%
26 Bartosz Kapustka AM 112 17 10 2020-2025
61%
6 Iñaki Astiz CB 204 8 5 2007-2014, 2017-2020
61%
9 Pawel Wszolek RB 172 32 39 2019-2025
61%
46 Bartosz Bereszyński RB 87 1 5 2012-2017
56%
11 Dusan Kuciak GK 153 0 0 2011-2016
56%
55 Marc Gual ST 78 20 12 2023-2025
56%
33 Josué AM 107 25 29 2021-2024
50%
114 Kacper Chodyna RW 37 5 5 2024-2025
50%
86 Lukasz Fabianski GK 55 0 0 2005-2007
50%
109 Orlando Sá ST 39 15 5 2013-2015
50%
72 Radovan Pankov CB 63 3 4 2023-2025
50%
133 Wojciech Urbanski AM 26 3 1 2023-2025
50%
27 Adam Hlousek LB 111 5 8 2015-2019
44%
8 Aleksandar Vukovic CM 174 13 14 2001-2009
44%
245 Blazej Augustyn CB 4 0 0 2007-2008
44%
69 Danijel Ljuboja ST 64 24 8 2011-2013
44%
45 Ernest Muci LW 91 16 10 2020-2024
44%
19 Guilherme AM 119 15 18 2013-2018
44%
49 Jacek Zielinski CB 83 3 1 2000-2004
44%
128 Jan Ziolkowski CB 27 1 2 2023-2025
44%
78 Juergen Elitim DM 60 1 7 2023-2025
44%
42 Kasper Hämäläinen AM 92 21 13 2015-2019
44%
21 Luquinhas LW 117 18 17 2019-2021, 2024-2025
44%
28 Maciej Rybus LB 110 13 18 2007-2012
44%
54 Ondrej Duda CM 78 12 13 2013-2017
44%
85 Patryk Kun LB 56 1 3 2023-2025
44%
48 Rafal Augustyniak DM 84 11 4 2022-2025
44%
84 Thibault Moulin CM 57 5 7 2016-2018
44%
16 Tomas Pekhart ST 135 51 6 2019-2025
44%
56 Dominik Furman CM 78 5 6 2012-2016
39%
196 Gabriel Kobylak GK 11 0 0 2024-2025
39%
36 Igor Lewczuk CB 100 4 2 2014-2016, 2019-2021
39%
20 Jacek Magiera CM 117 9 7 2000-2006
39%
38 Jan Mucha GK 95 0 0 2006-2010
39%
213 Jean-Pierre Nsame ST 8 1 0 2024-2025
39%
127 Josip Juranovic RB 28 1 8 2020-2022
39%
30 Maciej Rosolek ST 109 13 8 2019-2024
39%
4 Michal Kucharczyk RW 270 52 37 2010-2018, 2024-2025
39%
93 Michal Zewlakow CB 51 0 0 2011-2013
39%
119 Patryk Sokolowski DM 33 2 0 2021-2024
39%
63 Steve Kapuadi CB 69 6 0 2023-2025
39%
32 Tomasz Sokolowski RM 107 12 10 2000-2005
39%
67 Tomasz Sokolowski RB 65 1 4 2003-2006
39%
108 Vadis Odjidja-Ofoe CM 39 5 13 2016-2017
39%
37 André Martins CM 99 2 6 2018-2022
33%
134 Cezary Miszta GK 25 0 0 2020-2022
33%
12 Dickson Choto CB 149 4 2 2003-2013
33%
75 Dominik Nagy LW 60 11 10 2016-2020
33%
192 Eduardo ST 11 0 2 2017-2019
33%
51 Filip Mladenovic LB 79 14 15 2020-2023
33%
183 Ilya Shkurin ST 13 2 2 2024-2025
33%
187 Ireneusz Kowalski AM 12 0 0 2004-2005
33%
14 Ivica Vrdoljak DM 147 21 10 2010-2015
33%
15 Jakub Wawrzyniak LB 137 8 16 2007-2014
33%
113 Lindsay Rose CB 37 1 0 2021-2024
33%
149 Lirim Kastrati RW 21 1 0 2021-2023
33%
13 Marek Saganowski ST 149 59 27 2002-2004, 2012-2016
33%
140 Radoslaw Cierzniak GK 24 0 0 2016-2021
33%
120 Rafal Wolski AM 31 6 4 2010-2012
33%
35 Roger Guerreiro AM 103 19 15 2005-2010
33%
104 Rúben Vinagre LB 41 1 7 2024-2025
33%
87 Ryoya Morishita AM 55 9 6 2023-2025
33%
243 Sebastian Nowak DF 4 0 0 2001-2002
33%
278 Sebastian Nowak DF 1 0 0 2002-2003
33%
210 Sergio Barcia CB 9 1 0 2024-2025
33%
10 Tomasz Jodlowiec DM 157 16 21 2012-2017, 2019-2020
33%
5 Tomasz Kielbowicz LB 248 15 28 2000-2013
33%
173 Wojciech Kowalczyk ST 15 3 0 2000-2002
33%
60 Yuri Ribeiro LB 72 2 3 2021-2024
33%
31 Ariel Borysiuk DM 108 4 3 2007-2011, 2015-2016
28%
267 Ariel Mosor CB 2 0 0 2019-2020
28%
163 Arvydas Novikovas RW 17 4 4 2019-2020
28%
18 Bartosz Slisz DM 128 3 9 2019-2024
28%
101 Cafú CM 44 6 4 2017-2020
28%
111 Daniel Lukasik DM 38 0 3 2011-2014
28%
81 Dariusz Dudek CB 58 3 2 2002-2005
28%
139 Igor Kharatin DM 24 1 0 2021-2023
28%
164 Jakub Czerwinski CB 16 1 0 2016-2018
28%
52 Jakub Kosecki RW 78 12 12 2009-2010, 2011-2014, 2016-2017
28%
73 Jurgen Çelhaka DM 63 0 3 2021-2025
28%
143 Kacper Skibicki RM 24 1 2 2020-2022
28%
125 Krzysztof Maczynski CM 30 2 1 2017-2019
28%
23 Lukasz Broz DF 114 1 12 2013-2018
28%
62 Maciej Iwanski CM 71 12 24 2008-2011
28%
124 Makana Baku RW 30 1 1 2022-2024
28%
209 Marco Burch CB 9 0 0 2023-2025
28%
156 Mateusz Cholewiak LW 18 2 1 2019-2021
28%
22 Mateusz Wieteska CB 116 6 4 2014-2015, 2016-2017, 2018-2023
28%
150 Maxi Oyedele DM 21 0 1 2024-2025
28%
76 Michal Kopczynski DM 60 0 3 2012-2013, 2015-2018
28%
64 Nemanja Nikolics ST 66 41 11 2015-2017
28%
215 Tomas Necid ST 8 1 1 2016-2017
28%
180 Vahan Bichakhchyan RW 14 0 1 2024-2025
28%
107 William Rémy CB 40 3 2 2017-2021
28%
168 Adrian Paluchowski ST 16 5 2 2008-2010
22%
79 Carlitos AM 59 17 9 2018-2019, 2022-2023
22%
126 Cristian Pasquato CF 29 2 3 2017-2019
22%
57 Domagoj Antolic CM 77 4 7 2017-2021
22%
100 Dossa Júnior CB 44 4 0 2013-2015
22%
106 Henrik Ojamaa LW 40 2 8 2013-2015
22%
229 Ismael Blanco ST 6 0 0 2011-2012
22%
162 Ivan Trickovski CF 17 1 2 2015-2016
22%
70 Janusz Gol DM 64 5 6 2010-2013
22%
92 Jaroslaw Niezgoda ST 51 27 5 2016-2020
22%
204 Joel Abu Hanna CB 9 0 0 2021-2023
22%
122 Maciej Dabrowski CB 31 3 1 2016-2018
22%
138 Maciej Korzym ST 24 3 2 2004-2005, 2006-2008
22%
148 Mahir Emreli ST 21 4 1 2021-2022
22%
77 Marcin Komorowski CB 60 2 2 2008-2012
22%
53 Marek Jozwiak CB 78 1 0 2001-2005
22%
219 Marijan Antolovic GK 8 0 0 2010-2011
22%
223 Marko Suler CB 7 0 0 2012-2014
22%
145 Mateusz Holownia CB 23 1 1 2018-2019, 2020-2022
22%
254 Mateusz Zyro CB 3 0 0 2018-2019
22%
112 Mattias Johansson RB 37 2 1 2021-2023
22%
115 Michal Karbownik LM 36 0 7 2019-2021
22%
24 Michal Zyro ST 114 13 23 2009-2016
22%
157 Moussa Ouattara CB 18 2 0 2005-2006
22%
191 Nacho Novo RW 11 0 1 2011-2012
22%
40 Piotr Wlodarczyk ST 93 39 10 2003-2007
22%
97 Radoslaw Majecki GK 47 0 0 2018-2020
22%
141 Sandro Kulenovic ST 24 5 1 2018-2020
22%
68 Sebastian Szymański AM 65 7 9 2016-2019
22%
66 Stanko Svitlica ST 65 46 2 2001-2004
22%
185 Szymon Wlodarczyk ST 13 0 0 2019-2022
22%
61 Takesure Chinyama ST 72 36 12 2007-2011
22%
34 Tomasz Brzyski LB 105 3 29 2012-2017
22%
216 Vladan Kovačević GK 8 0 0 2024-2025
22%
105 Vladimer Dvalishvili ST 40 15 3 2012-2015
22%
110 Wojciech Skaba GK 38 0 0 2007-2008, 2010-2011, 2013-2014
22%
7 Wojciech Szala CB 178 0 8 2001-2010
22%
50 Adam Majewski CM 82 4 1 2000-2003
17%
222 Artem Shabanov CB 7 0 0 2020-2021
17%
59 Bartosz Karwan RM 73 15 3 2000-2001, 2004-2006
17%
221 Benjamin Verbic LW 7 0 0 2021-2022
17%
103 Blaz Kramer ST 43 10 2 2022-2025
17%
287 Brian Iloski AM 1 0 0 2017-2018
17%
160 Chris Philipps DM 17 0 1 2017-2019
17%
132 Claude Gonçalves DM 26 1 3 2024-2025
17%
283 Damian Warchol AM 1 1 0 2019-2020
17%
99 Dawid Janczyk ST 45 9 2 2005-2007
17%
153 Dominik Hladun GK 20 0 0 2022-2024
17%
117 Grzegorz Bronowicki LB 34 0 4 2005-2007
17%
94 Hélio Pinto CM 49 7 5 2013-2015
17%
136 Igor Strzalek AM 25 1 2 2021-2025
17%
212 Joel Valencia AM 8 0 0 2020-2021
17%
102 José Kanté ST 43 12 4 2018-2021
17%
176 Junior AM 15 2 2 2006-2007
17%
189 Kacper Kostorz ST 12 1 1 2019-2022
17%
194 Kamil Grosicki LW 11 1 0 2007-2008
17%
131 Luís Rocha LB 26 0 2 2018-2021
17%
175 Lukasz Mierzejewski RB 15 1 0 2000-2002
17%
116 Manú RW 35 3 5 2010-2012
17%
186 Manuel Pablo García ST 12 0 1 2003-2004
17%
90 Marcin Mieciel ST 52 18 2 2000-2001, 2009-2010
17%
135 Marek Citko CM 25 5 0 2000-2001
17%
74 Marko Vesovic RB 63 2 11 2017-2021
17%
202 Mateusz Szwoch DM 9 0 0 2014-2015, 2017-2018
17%
137 Michal Maslowski CM 24 0 0 2014-2016
17%
231 Mikel Arruabarrena CF 6 0 0 2008-2009
17%
273 Pascal Mozie DM 1 0 0 2024-2025
17%
158 Piotr Bronowicki RB 18 0 0 2006-2008
17%
262 Piotr Pyrdol RM 2 0 0 2019-2020
17%
225 Qëndrim Zyba CM 7 0 0 2023-2024
17%
266 Radoslaw Cielemecki AM 2 0 0 2019-2020
17%
279 Robert Bartczak LW 1 0 0 2014-2015
17%
227 Salvador Agra RW 6 0 0 2018-2020
17%
41 Sebastian Szalachowski RW 92 16 12 2005-2011
17%
88 Valeriane Gvilia CM 54 8 7 2019-2021
17%
152 Wojciech Kowalewski GK 20 0 0 2001-2002
17%
286 Wojciech Muzyk GK 1 0 0 2019-2020
17%
293 Adam Banasiak CM 1 0 0 2009-2010
11%
203 Adam Ryczkowski ST 9 2 0 2014-2016
11%
260 Ahmed Ghanem Soltan RB 2 0 0 2005-2006
11%
198 Ajazdin Nuhi RM 10 0 0 2002-2003
11%
274 Aleksander Wyganowski DM 1 0 0 2024-2025
11%
249 Anatolie Doros ST 3 0 0 2004-2005
11%
147 Ariel Cabral CM 22 3 2 2010-2011
11%
197 Arkadiusz Piech ST 10 0 3 2014-2016
11%
161 Armando Sadiku ST 17 2 4 2017-2018
11%
226 Bartlomiej Ciepiela AM 7 0 0 2021-2022
11%
80 Bartlomiej Grzelak ST 59 13 4 2006-2010
11%
252 Bartlomiej Kalinkowski DM 3 0 0 2014-2015
11%
276 Bartosz Zurek AM 1 0 0 2011-2012
11%
184 Bruno Mezenga ST 13 3 0 2010-2011
11%
44 Cezary Kucharski ST 91 30 0 2000-2002, 2005-2006
11%
234 Daniel Chima Chukwu ST 5 0 0 2016-2018
11%
282 Dariusz Solnica ST 1 0 0 2002-2003
11%
214 Dariusz Zjawinski ST 8 0 0 2004-2006
11%
264 Dejan Kelhar CB 2 0 0 2010-2011
11%
271 Eddie Stanford LM 1 0 0 2004-2005
11%
195 Élton ST 11 3 1 2006-2007
11%
256 Fangzhuo Dong ST 2 0 0 2009-2010
11%
220 Felix Ogbuke CF 7 0 0 2010-2011
11%
233 Filip Rejczyk DM 6 0 0 2023-2024
11%
146 Gil Dias RW 22 0 0 2023-2024
11%
182 Herbert Dick CB 13 0 0 2006-2007
11%
201 Hugo Alcântara CB 9 2 0 2006-2007
11%
251 Iñaki Descarga RB 3 0 0 2008-2009
11%
177 Iuri Medeiros RW 14 3 1 2018-2019
11%
292 Jakub Jedrasik RW 1 0 0 2022-2023
11%
238 Jakub Kisiel CM 5 0 0 2020-2022
11%
288 Jasur Yakhshiboev RW 1 0 0 2020-2021
11%
181 Jorge Salinas LW 13 0 1 2012-2013
11%
217 Kamil Majkowski RW 8 0 0 2007-2009
11%
241 Konrad Jalocha GK 4 0 0 2013-2015
11%
263 Konrad Michalak LW 2 0 0 2016-2017, 2018-2019
11%
232 Kostyantyn Makhnovskyi GK 6 0 0 2010-2011
11%
228 Krystian Bielik CB 6 0 0 2014-2015
11%
236 Krzysztof Ostrowski RB 5 0 0 2008-2009
11%
257 Leo Kurauzvione RM 2 0 0 2004-2005
11%
259 Lukasz Moneta LW 2 0 0 2014-2015
11%
17 Lukasz Surma DM 131 8 10 2002-2007
11%
247 Maciej Gorski ST 4 0 0 2009-2010, 2011-2012
11%
284 Maciej Wojtas LM 1 0 0 2001-2002
11%
95 Maik Nawrocki CB 48 5 2 2021-2023
11%
188 Mamadou Baldé CB 12 0 0 2006-2007
11%
96 Marcin Burkhardt CM 47 6 10 2005-2008
11%
207 Marcin Chmiest ST 9 0 1 2005-2006
11%
208 Marcin Klatt ST 9 4 0 2005-2006
11%
179 Marcin Roslon CB 14 0 0 2004-2006
11%
71 Marcin Smolinski CM 63 6 5 2004-2010
11%
118 Mariusz Piekarski AM 33 3 0 2000-2002
11%
224 Mariusz Zganiacz CM 7 0 0 2002-2003
11%
166 Martins Ekwueme CM 16 1 1 2007-2009
11%
240 Mateusz Cichocki CB 4 0 0 2013-2014
11%
265 Mateusz Grudzinski CB 2 0 0 2019-2020, 2021-2022
11%
237 Mateusz Praszelik AM 5 0 0 2019-2020
11%
268 Maurício CB 2 0 0 2017-2018
11%
248 Michal Efir ST 3 0 0 2011-2012, 2013-2014
11%
235 Michal Gottwald ST 5 1 0 2005-2007
11%
174 Michal Hubnik ST 15 2 1 2010-2012
11%
169 Migouel Alfarela LW 16 1 2 2024-2025
11%
154 Mihail Aleksandrov LW 20 1 0 2015-2017
11%
211 Mirko Poledica LB 9 1 0 2004-2006
11%
230 Moshe Ohayon CM 6 0 0 2011-2012
11%
144 Moussa Yahaya MF 23 3 0 2001-2003
11%
277 Norbert Misiak RM 1 0 0 2014-2015
11%
255 Oliwier Olewinski RB 2 0 0 2024-2025
11%
280 Pablo Dyego ST 1 0 0 2015-2016
11%
155 Pance Kumbev CB 18 1 0 2008-2010
11%
178 Patryk Mikita ST 14 1 2 2013-2014
11%
199 Pawel Kaczorowski RM 10 1 1 2004-2005
11%
121 Pawel Stolarski RB 31 1 1 2018-2021
11%
65 Piotr Giza AM 66 8 7 2007-2011
11%
167 Piotr Rocki LM 16 0 0 2008-2009
11%
244 Przemyslaw Wysocki LB 4 0 1 2007-2008
11%
58 Radoslaw Wroblewski LM 73 4 3 2000-2005
11%
130 Radostin Stanev GK 27 0 0 2001-2003
11%
206 Rafal Makowski AM 9 0 0 2015-2016
11%
91 Rafa Lopes ST 52 9 3 2020-2022
11%
170 Rafal Siadaczka RM 16 0 0 2000-2002
11%
200 Raphael Augusto CM 9 0 1 2013-2014
11%
239 Richard Strebinger GK 5 0 0 2021-2022
11%
159 Robert Pich AM 17 0 1 2022-2023
11%
258 Rudi Gusnic RB 2 0 0 2002-2003
11%
98 Sergey Omeljanchuk CB 45 1 0 2000-2003
11%
242 Srdja Knezevic CB 4 0 0 2010-2011
11%
142 Stojan Vranjes AM 24 3 0 2015-2017
11%
151 Sylwester Czereszewski ST 20 6 0 2000-2002
11%
269 Tito CM 2 0 0 2008-2009
11%
39 Tomasz Jarzebowski CB 93 9 3 2000-2004, 2008-2010
11%
250 Tomasz Mazurkiewicz AM 3 0 0 2000-2001
11%
165 Valeri Qazaishvili LW 16 1 2 2016-2017
11%
261 Vamara Sanogo ST 2 1 0 2019-2020
11%
172 Veselin Djokovic CB 15 1 0 2004-2006
11%
289 Wojciech Trochim AM 1 0 0 2007-2008
11%
123 Zbigniew Robakiewicz GK 30 0 0 2000-2001
11%
246 Zoran Mijanovic GK 4 0 0 2002-2003
11%
275 Adam Gmitrzuk LB 1 0 1 2003-2004
6%
253 Berto RW 3 0 0 2017-2018
6%
83 Edson Canhão LB 57 10 13 2005-2009
6%
129 Giuliano RM 27 9 0 2000-2001
6%
272 Jakub Adkonis AM 1 0 0 2024-2025
6%
270 Jordan Majchrzak ST 2 0 0 2024-2025
6%
291 Kacper Skwierczynski AM 1 0 0 2021-2022
6%
82 Maciej Murawski DM 58 0 0 2000-2002
6%
205 Marcin Bojarski RM 9 0 0 2000-2002
6%
193 Marjan Gerasimovski CB 11 0 0 2001-2002
6%
190 Mateusz Szczepaniak RW 11 1 0 2024-2025
6%
171 Pawel Wojtala CB 15 0 0 2000-2001
6%
290 Rowland Eresaba FW 1 0 0 2000-2001
6%
285 Rui Gomes LW 1 0 0 2021-2022
6%
218 Steeven Langil LW 8 1 0 2016-2017
6%
281 Tomasz Nawotka RW 1 0 0 2021-2022
6%
No matching quizzes found
Score Distribution
Percent of People with Each Score
Percentile by Number Answered
Your Score History
You have not taken this quiz